000 02617nam0a2200409 4500
001 RU\NLR\BIBL_A\012153825
005 20260408131036.0
010 _a978-5-7621-1057-0
_9300
021 _aRU
_b2019-80806
_9КН-П-5866
035 _a(RuMoRGB)010134682
035 _a(NLR Aleph) 012153825
090 _a12157660
_c12157660
100 _a20191203d2019 |||y0rusy50 ca
101 0 _aeng
102 _aRU
105 _aac z 001zy
200 1 _aGlobal development: challenges of predictability and manageability
_ethe 19th International Likhachov scientific conference, May 22–24, 2019
_fRussian academy of sciences, St. Petersburg intelligentsia congress, St. Petersburg university of the humanities and social sciences
_g[scientific editor A. S. Zapesotsky, corresponding member of the Russian academy of sciences, Academician of the Russian academy of education, Dr. sc. (cultural studies), Professor]
210 _aSt. Petersburg
_cSPbUHSS
_d2019
215 _a245, [1] с., [4] л. цв. ил., портр.
_cил., портр.
_d29
300 _aВ вып. дан.: Мировое развитие: проблемы предсказуемости и управляемости: XIX Международные Лихачевские научные чтения, 22-24 мая 2019 года
320 _aБиблиогр. в конце ст. и в подстроч. примеч.
320 _aУказ. в конце кн.
517 1 _aМировое развитие: проблемы предсказуемости и управляемости
_eXIX Международные Лихачевские научные чтения, 22-24 мая 2019 года
541 1 _aМировое развитие: проблемы предсказуемости и управляемости
_zrus
606 1 _aГуманитарные науки
_jСъезды, совещания и т.п
_92175177
_3RU\NLR\AUTH\661308230
606 1 _aКультура
_jСъезды, совещания и т.п
_xСоциально-философские вопросы
_92095052
_3RU\NLR\AUTH\661267689
686 1 _aС.я431
686 1 _aС550.2я431
686 1 _aЧ21я431
702 1 _4340
_7ba
_8rus
_aZapesockij
_bA. S.
_f1954-
_gAleksandr Sergeevič
_9191201
_3RU\NLR\AUTH\770191252
711 1 2 _8eng
_aInternational Likhachov scientific conference
_d19
_f2019
_eSaint Petersburg
_7ba
_3RU\NLR\AUTH\880513712
_9688062
712 0 2 _4570
_8eng
_aRussian academy of sciences
_7ba
_3RU\NLR\AUTH\881060
_9272492
942 _cBOOK
980 _aNB